The Only Country That Borders... - Statistics

General Stats
  • This quiz has been taken 62 times
    39 since last reset
  • The average score is 18 of 20
Answer Stats
Hint & Hint Country % Correct
Spain & Belgium France
100%
Canada & Mexico United States
100%
France & Poland Germany
97%
Ecuador & Chile Peru
97%
Chile & Uruguay Argentina
94%
Bolivia & Suriname Brazil
94%
Germany & Ukraine Poland
94%
Morocco & Niger Algeria
91%
Nicaragua & Panama Costa Rica
91%
Algeria & Egypt Libya
91%
Moldova & Bulgaria Romania
91%
Estonia & Kazakhstan Russia
91%
Jordan & Yemen Saudi Arabia
89%
Sudan & Uganda South Sudan
89%
Angola & South Africa Namibia
86%
Mali & Togo Burkina Faso
83%
Chad & DRC Central African Republic
83%
Zambia & CAR Democratic Republic of the Congo
83%
Equatorial Guinea & Chad Cameroon
80%
Sierra Leone & Mali Guinea
80%
No matching quizzes found
Score Distribution
Percent of People with Each Score
Percentile by Number Answered
Your Score History
You have not taken this quiz since the last reset